| 000 | 00563nam a2200217Ia 4500 | ||
|---|---|---|---|
| 003 | 0100 | ||
| 008 | 130303s9999 xx 000 0 und d | ||
| 040 | _cARRUPELIB | ||
| 050 | _aB2430.M253P613 | ||
| 100 | _aMarcel, Gabriel | ||
| 245 | _aTragic Wisdom and Beyond | ||
| 245 | _bincluding Conversations between Paul Ricoeur and Gabriel Marcel | ||
| 260 | _aEvanston | ||
| 260 | _bNorthwestern UP | ||
| 260 | _C1973 | ||
| 300 | _a256p. | ||
| 300 | _b 23cm | ||
| 650 | _aPHILOSOPHY | ||
| 700 | _aTranslated by Stephen Jolin and McCormick | ||
| 942 | 0 | 0 | _03 |
| 999 |
_c31431 _d31431 |
||